Restoration ecology: the new frontier
محفوظ في:
| مؤلفون آخرون: | , |
|---|---|
| التنسيق: | كتاب |
| اللغة: | الإنجليزية |
| منشور في: |
West Sussex, United Kingdom:
John Wiley and Sons Ltd,
2012.
|
| الطبعة: | Second edition. |
| الموضوعات: | |
| الوسوم: |
إضافة وسم
لا توجد وسوم, كن أول من يضع وسما على هذه التسجيلة!
|
MARC
| LEADER | 00000cam a2200000 a 4500 | ||
|---|---|---|---|
| 001 | UCE7095 | ||
| 003 | CL-VaPUC | ||
| 005 | 20241112153129.0 | ||
| 008 | 150529e20120000uk |||||||||||||||||eng|d | ||
| 999 | |c 359229 |d 359227 | ||
| 020 | |a 9781444336351 | ||
| 040 | |c Pontificia Universidad Católica de Valparaíso | ||
| 082 | 0 | 4 | |a 639.9 AND 2012 |2 21 |
| 100 | |a Andel, Jelte van |e editor |9 579819 | ||
| 245 | 1 | 0 | |a Restoration ecology: the new frontier |
| 250 | |a Second edition. | ||
| 260 | |a West Sussex, United Kingdom: |b John Wiley and Sons Ltd, |c 2012. | ||
| 300 | |a 381 páginas. | ||
| 583 | |a last modification |c 20150529 15:00:00 |k Rodrigo Vera | ||
| 650 | 0 | |a Ecología |9 258124 | |
| 650 | 0 | |a Recursos naturales |9 255232 | |
| 650 | 0 | |a Restauración ecológica |9 269778 | |
| 650 | 0 | |a Protección del medio ambiente |9 257626 | |
| 700 | |a Aronson, James |e editor |9 587405 | ||
| 942 | |c BK |2 ddc | ||
| 945 | |d 20150529 15:00:00 |a dcastane | ||
| 952 | |0 0 |1 0 |2 ddc |3 erb |4 0 |6 639_900000000000000_AND_2012 |7 0 |8 R |9 468369 |a BIBAGR |b BIBAGR |c RES |i 5160545 |o 639.9 AND 2012 |p 5160545 |r 2025-01-20 |w 2019-11-23 |y BK |z Catalogado en:20150529 |k AGR | ||
| 952 | |0 0 |1 0 |2 ddc |4 0 |6 639_900000000000000_AND_2012 |7 0 |8 R |9 591394 |a BIBAGR |b BIBAGR |c GEN |d 2023-08-30 |e 1 |g 154905.00 |i 5658513 |o 639.9 AND 2012 |p 5658513 |r 2025-01-20 |t 2 |v 154905.00 |w 2023-08-30 |y BK |k AGR | ||